01163nam a2200301 u 450000100070000000500170000700700100002400800410003403500110007504000130008604100080009908000070010710000510011424501810016526000360034630000210038265000300040365000450043365000440047865000520052265000440057470000520061894200100067099900190068050200120069952600080071195201420071987534420260506152621.0co|||||||040528e20040202 spa  a875344 ccomduadb aspa aWA10aMontoya Ortiz, Liliana Maria4auteaut939541010aIndicadores de gestion para las areas de vigilancia epidemiologica, aseguramiento, oferta de servicios y aspectos demograficos de la Secretaria de Salud del municipio de Caldas aMedellín :b[sin publicador]. a1 CD-ROM : 12 cm aCaldas (Antioquia)921187 aSistemas de información en salud94911 7aIndicadores de gestión2armarc936605 aCaldas (Antioquia). Secretaria de Salud9133448 7aMonitoreo epidemiológico2dcs915530310aMarin Echeverri, Alfonso Heli4thseths9299375 cTESIS c318668d318668 b278c20 a280 001040708SEMIACTIV2aBSPbBSPd2004-06-16iC829188l0oWA106 M6-04 CD-ROMp61000004930847r2023-04-25 00:00:00t1w2023-04-25yDIGITAL